Essentials of systems analysis and design

שמור ב:
מידע ביבליוגרפי
מחבר ראשי:  Valacich, Joseph S
פורמט: Sách
שפה:Undetermined
יצא לאור:  Pearson Educational Limited  2015
נושאים:
תגים: הוספת תג
אין תגיות, היה/י הראשונ/ה לתייג את הרשומה!
Thư viện lưu trữ: Trung tâm Thư viện - Trường Đại học Công nghiệp TP. Hồ Chí Minh
LEADER 00585nam a2200157Ia 4500
001 UIH_06156
008 231011s9999 xx 000 0 und d
082 |a  004.21 
100 |a  Valacich, Joseph S 
245 0 |a  Essentials of systems analysis and design 
245 0 |c  Valacich, Joseph S 
260 |b  Pearson Educational Limited 
260 |c  2015 
650 |a  System design; System analysis; Thiết kế hệ thống; Phân tích hệ thống;  
927 |a Sách 
980 |a Trung tâm Thư viện - Trường Đại học Công nghiệp TP. Hồ Chí Minh